000 00722nam a2200241 i 4500
001 C2-0310250
003 PPAK
005 20180728101516.0
008 110613s1979 th |||| ||||| | eng d
020 _a9741324332
040 _aPPAK
_beng
_cPPAK
_erda
082 0 4 _a320
_223
090 0 0 _a320
_bRAD
_dKMI
245 0 0 _aRadicalising Thailand :
_bnew political perspectives
264 1 _a[Bangkok, Thailand] :
_bInstitute of Asian Studies Chulalongkorn ,
_c1979
300 _aiii, 342 pages ;
_c20 cm
336 _2rdacontent
_atext
337 _2rdamedia
_aunmediated
338 _2rdacarrier
_avolume
650 1 0 _aThailand - Politics and government
700 1 _aUngpakorn, Ji Giles,
_eeditor
942 _ddc
_cB
999 _c112727
_d112727